|
|
|
|
| LEADER |
00000nam a2200000 a 4500 |
| 001 |
UCT2169 |
| 003 |
CL-VaPUC |
| 008 |
961011e19550000MX |||||||||||||||||spa|d |
| 082 |
0 |
4 |
|a 539.1
|b DEA
|2 21
|
| 100 |
0 |
|
|a Dean, Gordon
|e author
|9 371226
|
| 245 |
1 |
0 |
|a Informe sobre el átomo
|
| 300 |
|
|
|a 382 p
|
| 942 |
|
|
|c BK
|
| 945 |
|
|
|d 19961011 00:00:00
|a cmena
|
| 260 |
|
|
|a Ciudad de México
|b Hermes
|c 1955
|
| 650 |
|
0 |
|a Átomos
|9 259583
|
| 650 |
|
7 |
|a NUMERO ATOMICO
|2 CL-VaPUC
|9 360670
|
| 650 |
|
7 |
|a FISICA NUCLEAR
|2 CL-VaPUC
|9 270366
|
| 650 |
|
7 |
|a TEORIA ATOMICA
|2 CL-VaPUC
|9 313933
|
| 650 |
|
7 |
|a URANIO
|2 CL-VaPUC
|9 371227
|
| 650 |
|
7 |
|a NEUTRONES
|2 CL-VaPUC
|9 313669
|
| 650 |
|
7 |
|a IONES
|2 CL-VaPUC
|9 337399
|
| 650 |
|
0 |
|a Armas nucleares
|9 334563
|
| 650 |
|
0 |
|a Energía nuclear
|9 255228
|
| 650 |
|
7 |
|a TECNOLOGIA NUCLEAR
|2 CL-VaPUC
|9 358772
|
| 583 |
|
|
|a last modification
|c 19961011 00:00:00
|k Rodrigo Vera
|
| 999 |
|
|
|c 252400
|d 252398
|
| 952 |
|
|
|0 0
|1 0
|4 0
|6 539_100000000000000_DEA_1955
|7 0
|8 A
|9 272244
|a BIBCUR
|b BIBCUR
|d 2019-11-19
|i 1758624
|o 539.1 DEA 1955
|p 1758624
|r 2025-04-22
|w 2019-11-19
|y BK
|k BCB
|